000 00320nam a22001337a 4500
008 171220b xxu||||| |||| 00| 0 eng d
020 _a514218001
041 _aeng
080 _a611.085
100 _a9
101 _aHIS
245 _aHISTOLOGICAL TYPING OF INTESTINAL TUMOURS
_cMORSON,B.C
942 _2udc
_cBK
999 _c39210
_d39210